<?xml version="1.0" encoding="UTF-8"?>
<marc:record xmlns:marc="http://www.loc.gov/MARC21/slim">
   <marc:leader>00000nam a2200000 a 4500</marc:leader>
   <marc:datafield ind1=" " ind2=" " tag="653">
      <marc:subfield code="a">Zuordnungsspiel</marc:subfield>
   </marc:datafield>
   <marc:datafield ind1=" " ind2=" " tag="653">
      <marc:subfield code="a">Legespiel</marc:subfield>
   </marc:datafield>
   <marc:datafield ind1=" " ind2=" " tag="653">
      <marc:subfield code="a">Spielerisches Lernen: Abenteuer, Spielgeschichten,</marc:subfield>
   </marc:datafield>
   <marc:datafield ind1="0" ind2="0" tag="245">
      <marc:subfield code="a">Tiere und ihre Kinder</marc:subfield>
   </marc:datafield>
   <marc:datafield ind1="0" ind2="0" tag="245">
      <marc:subfield code="b">Welche Tiere gehören zusammen?</marc:subfield>
   </marc:datafield>
   <marc:datafield ind1=" " ind2="1" tag="264">
      <marc:subfield code="a">Ravensburg</marc:subfield>
      <marc:subfield code="b">Ravensburger Verlag GmbH</marc:subfield>
      <marc:subfield code="c">2008</marc:subfield>
   </marc:datafield>
   <marc:datafield ind1=" " ind2=" " tag="250">
      <marc:subfield code="a">1. Auflage</marc:subfield>
   </marc:datafield>
   <marc:datafield ind1="1" ind2=" " tag="520">
      <marc:subfield code="a">Tiere und ihre Kinder bietet Spaß beim Entdecken und Wahrnehmen. Zu wem gehören die Löwenbabys? Und wo ist die Katzenmama der kleinen Kätzchen? Spielerisch entdecken Kinder die Tiere und deren Nachwuchs. Beim Zuordnen der Bildpaare werden die Kinder zum Fragen und Erzählen angeregt. Was fressen die Affen? Und wie heißen die Kinder der Rehe? So erweitern sie ganz nebenbei ihren Wortschatz. &#xD;
&#xD;
 &#xD;
&#xD;
Die Kinder greifen und begreifen die Tierkarten und durch die Selbstkontrolle im Puzzle-Prinzip lernen sie sofort, ob die Karten zusammenpassen. &#xD;
&#xD;
Das Spiel hat den Vorteil, dass die Kinder durch die Erfolgserlebnisse darin bestärkt werden weiterzumachen. Sie spielen allein, gemeinsam mit den Eltern oder mit anderen Kindern und treten dabei in Interaktion. Die Regeln sind einfach und schnell zu verstehen. Verschiedene Spielmöglichkeiten sorgen dafür, dass das Kinderspiel lange interessant bleibt und nicht nur einmal gespielt wird.</marc:subfield>
   </marc:datafield>
   <marc:datafield ind1=" " ind2=" " tag="041">
      <marc:subfield code="a">ger</marc:subfield>
   </marc:datafield>
   <marc:datafield ind1=" " ind2=" " tag="338">
      <marc:subfield code="a">Band</marc:subfield>
   </marc:datafield>
</marc:record>
